[Event "Rio de Janeiro Nezhmetdinov Memorial"]
[Site "Rio de Janeiro"]
[Date "2015.04.26"]
[Round "7"]
[White "Juer, Jayme Jacob E"]
[Black "Borensztajn, David"]
[Result "0-1"]
[WhiteElo "2122"]
[BlackElo "2031"]
[PlyCount "82"]
[EventDate "2015.04.23"]
[EventType "swiss"]
[EventRounds "7"]
[EventCountry "BRA"]
[SourceTitle "CBM 166 Extra"]
[Source "ChessBase"]
[SourceDate "2015.06.18"]
[SourceVersion "1"]
[SourceVersionDate "2015.06.18"]
[SourceQuality "1"]

1. d4 d5 2. Nf3 c6 3. Bf4 e6 4. e3 Bd6 5. Nbd2 Bxf4 6. exf4 Nf6 7. Bd3 c5 8. c3 Nc6 9. Ne5 cxd4 10. Nxc6 bxc6 11. cxd4 Qd6 12. Qc2 Bd7 13. g3 Rb8 14. a3 0-0 15. Rc1 Qc7 16. Nf3 Qb6 17. Rb1 Rfc8 18. b4 a5 19. 0-0 Ra8 20. Qc5 Qa7 21. Rfc1 axb4 22. Qxa7 Rxa7 23. axb4 Ra3 24. Ne5 Rb8 25. g4 Be8 26. Be2 Ne4 27. Rb2 Nc3 28. Bf1 f6 29. Nd3 Nb5 30. Nc5 Nxd4 31. Rd1 e5 32. fxe5 Nf3+ 33. Kh1 Nxe5 34. Rd4 Ra1 35. Kg2 Bg6 36. Be2 Rc1 37. Ra2 Rb1 38. f4 Nc4 39. Bxc4 dxc4 40. Rxc4 Bf7 41. Rcc2 Bxa2 0-1

[Event "Natal CC op"]
[Site "Natal"]
[Date "2013.12.26"]
[Round "1"]
[White "Juer, Jayme Jacob E"]
[Black "Elci, Pereira Diniz"]
[Result "0-1"]
[WhiteElo "2216"]
[BlackElo "2284"]
[PlyCount "44"]
[EventDate "2012.12.26"]
[EventType "swiss"]
[EventRounds "6"]
[EventCountry "BRA"]
[SourceTitle "EXT 2016"]
[Source "ChessBase"]
[SourceDate "2015.10.08"]
[SourceVersion "1"]
[SourceVersionDate "2015.10.08"]
[SourceQuality "1"]

1. d4 f5 2. Bg5 h6 3. Bh4 g5 4. e3 Nf6 5. Bg3 d6 6. h4 g4 7. Nc3 Nh5 8. Nge2 c6 9. Qd2 Bg7 10. 0-0-0 Qa5 11. Kb1 Be6 12. a3 Nd7 13. Nf4 Nxf4 14. Bxf4 Nf6 15. Bd3 b5 16. Rhe1 b4 17. axb4 Qxb4 18. e4 Rb8 19. b3 Bxb3 20. Nb5 Bxc2+ 21. Kxc2 Qa4+ 22. Kb1 fxe4 0-1